| 000 | 00000nam##2200000za#4500 |
| 001 | 9.640101 |
| 003 | CaOODSP |
| 005 | 20240212134143 |
| 007 | cr ||||||||||| |
| 008 | 150407|1998||||xxc|||||o f|0| 0 fre|d |
| 040 | |aCaOODSP|bfre |
| 043 | |an-cn--- |
| 086 | 1 |aNE23-78/1998F-PDF |
| 110 | 1 |aCanada. |bOffice national de l'énergie. |
| 245 | 10|aEstimation probabiliste des volumes d'hydrocarbures dans les découvertes du delta du Mackenzie et de la mer de Beaufort : |h[ressource électronique]|bde la competence de l'Office national de l'énergie : renseignements à l'intention du public |
| 246 | 17|aDécouvertes du delta du Mackenzie et de la mer de Beaufort |
| 260 | |aCalgary - Alberta : |bOffice national de l'énergie |cJanvier 1998. |
| 300 | |a13p.|bcarte, références, tableaux |
| 500 | |aLe n° de catalogue (NE23-78/1998F) et l'ISBN (0-662-83400-3) de l'édition imprimée ont été incorrectement copiés dans l'édition électronique. |
| 590 | |a12-21-Supp|b2012-05-18 |
| 691 | 07|aDisponibilités énergétiques|2gcpds |
| 691 | 07|aGaz naturel|2gcpds |
| 691 | 07|aPétrole|2gcpds |
| 775 | 08|tProbabilistic estimate of hydrocarbon volumes in the Mackenzie Delta and Beaufort Sea discoveries |w(CaOODSP)9.695984 |
| 856 | 40|ahttp://publications.gc.ca|qPDF|s600 Ko|uhttps://publications.gc.ca/collections/Collection/NE23-78-1998F.pdf |